Top 30 : Anitta - Statistiques

Statistiques générales
  • Ce quiz a été pris 8 fois
  • Le résultat moyen est 11 sur 30
Statistiques - réponses
Top Titres Featuring % Correct
2 Envolver
86%
4 São Paulo The Weeknd
86%
3 BELLAKEO Peso Pluma
71%
1 Downtown J Balvin
71%
17 Gata Only (Remix) FloyyMenor, Ozuna
71%
15 Combatchy Lexa, Luísa Sonza, Rebecca
57%
9 Sua Cara Major Lazer, Pabllo Vittar
57%
18 Alegría Tiago PZK, Emilia
43%
5 Bellaquita - Remix Dalex, Lenny Tavárez, Natti Natasha, Farruko, Justin Quiles
43%
7 Bola Rebola Tropkillaz, J Balvin, ZAAC
43%
20 La Loto TINI, Becky G
43%
12 Me Gusta Cardi B, Myke Towers
43%
28 NO CHÃO NOVINHA Pedro Sampaio
43%
22 Paradinha
43%
6 Vai malandra ZAAC, Maejor, Tropkillaz, DJ Yuri Martins
43%
30 Ai Papai Mc Danny, HITMAKER
29%
29 Back for More Tomorrow X Together
29%
21 Contatinho - Ao Vivo Léo Santana
29%
8 R.I.P. Sofía Reyes, Rita Ora
29%
26 Some que ele vem atrás Marília Mendonça
29%
19 TODO O NADA Lunay
29%
11 Ao Vivo E A Cores Matheus e Kauan
14%
16 Coladinha em Mim - Ao Vivo Gustavo Mioto
14%
14 Desce Pro Play (PA PA PA) ZAAC, Tyga
14%
10 Machika J Balvin, Jeon
14%
25 Medicina
14%
13 MODO TURBO Luísa Sonza, Pabllo Vittar
14%
27 Romance Com Safadeza Wesley Safadão
14%
23 Sim ou não Maluma
14%
24 Veneno
14%
Aucun quiz correspondant
Distribution des résultats
% des personnes avec chaque résultat
Percentile par nombre de réponses
Votre historique - résultats
Vous n’avez pas pris ce quiz